000 01088cam a2200301 i 4500
001 17734574
003 OSt
005 20150408114205.0
008 130511s2012 nyua 001 0 eng
010 _a 2012554038
020 _a9780071795555 (pbk.)
040 _aDLC
_beng
_cDLC
_erda
_dDLC
042 _apcc
050 0 0 _aTK7887
_b.M46 2012
082 0 0 _a004.160288
_223
_bMMM
100 1 _aMeyers, Michael,
_d1961-
245 1 0 _aMike Meyers' CompTIA A+ guide to managing and troubleshooting PCs lab manual (exams 220-801 & 220-802) /
_cMike Meyers, Debby Hallcom, Aaron Verber.
246 3 _aA+ guide to managing and troubleshooting PCs lab manual
250 _aFourth edition.
300 _axxi, 602 pages :
_billustrations ;
_c28 cm
500 _aIncludes index.
650 0 _aMicrocomputers
_xMaintenance and repair
_xExaminations
_vStudy guides.
_941684
700 1 _aHallcom, Debby.
_941685
700 1 _aVerber, Aaron.
_942523
906 _a7
_bcbc
_corigcop
_d2
_encip
_f20
_gy-gencatlg
942 _2ddc
_cDVD
999 _c33376
_d267876